[Event "Backi Petrovac 11"]
[Site "Backi Petrovac"]
[Date "2023.11.15"]
[Round "9.2"]
[White "Veljkovic, Vojislav"]
[Black "Husari, Satea"]
[Result "0-1"]
[WhiteElo "2163"]
[BlackElo "2307"]
[PlyCount "62"]
[EventDate "2023.11.10"]
[EventType "swiss"]
[EventRounds "9"]
[EventCountry "SRB"]
[SourceTitle "CB47_2023"]
[SourceDate "2023.11.22"]
[SourceVersion "1"]
[SourceVersionDate "2023.11.22"]
[SourceQuality "1"]
[WhiteTeam "Team D"]
[BlackTeam "Team A"]
[WhiteTeamCountry "SRB"]
[BlackTeamCountry "SRB"]

1. Nf3 f5 2. d4 Nf6 3. c4 g6 4. Nc3 Bg7 5. Bg5 d6 6. e3 c6 7. Bd3 a5 8. Qc2 Na6 9. a3 Qc7 10. d5 Nc5 11. Be2 a4 12. h4 Nfe4 13. h5 h6 14. Bf4 Nxc3 15. bxc3 Ne4 16. Nd4 g5 17. Bh2 e5 18. dxe6 0-0 19. f3 Nc5 20. 0-0 Bxe6 21. Rad1 Rad8 22. Rfe1 Bc8 23. Bf1 Qe7 24. Kh1 Be5 25. Qf2 Qf7 26. f4 Ne4 27. Qc2 Bg7 28. Be2 g4 29. Rf1 g3 30. Bg1 Bxd4 31. cxd4 Qf6 0-1

[Event "Backi Petrovac 11"]
[Site "Backi Petrovac"]
[Date "2023.11.14"]
[Round "8.2"]
[White "Husari, Satea"]
[Black "Kolagatla, Alana Meenakshi"]
[Result "1-0"]
[WhiteElo "2307"]
[BlackElo "2021"]
[PlyCount "53"]
[EventDate "2023.11.10"]
[EventType "swiss"]
[EventRounds "9"]
[EventCountry "SRB"]
[SourceTitle "CB47_2023"]
[SourceDate "2023.11.22"]
[SourceVersion "1"]
[SourceVersionDate "2023.11.22"]
[SourceQuality "1"]
[WhiteTeam "Team A"]
[BlackTeam "Team C"]
[WhiteTeamCountry "SRB"]
[BlackTeamCountry "SRB"]

1. f4 c5 2. Nf3 d5 3. g3 Nf6 4. Bg2 g6 5. 0-0 Bg7 6. d3 0-0 7. Qe1 Nc6 8. c3 Re8 9. h3 Qc7 10. Na3 a6 11. e4 e5 12. Nxe5 dxe4 13. dxe4 Nxe5 14. fxe5 Nd7 15. e6 Rxe6 16. Bf4 Be5 17. Nc4 Bxf4 18. gxf4 b5 19. e5 Rb8 20. Nd6 Nb6 21. Qg3 Nc4 22. f5 Rxe5 23. fxg6 fxg6 24. Nxc4 bxc4 25. Bd5+ Be6 26. Bxe6+ Kh8 27. Rae1 1-0

[Event "Senta Fantastico IM 10"]
[Site "Senta"]
[Date "2023.10.27"]
[Round "8.2"]
[White "Drazic, Sinisa"]
[Black "Husari, Satea"]
[Result "0-1"]
[WhiteElo "2294"]
[BlackElo "2335"]
[PlyCount "82"]
[EventDate "2023.10.23"]
[EventType "tourn"]
[EventRounds "9"]
[EventCountry "SRB"]
[SourceTitle "Mega2024 Update 01"]
[Source "Chessbase"]
[SourceDate "2023.11.12"]
[SourceVersion "1"]
[SourceVersionDate "2023.11.12"]
[SourceQuality "1"]
[WhiteTeam "Team A"]
[BlackTeam "Team C"]
[WhiteTeamCountry "SRB"]
[BlackTeamCountry "SRB"]

1. e4 c5 2. Nf3 d6 3. d4 Nf6 4. Nc3 cxd4 5. Nxd4 g6 6. f3 Bg7 7. Be3 0-0 8. Qd2 Nc6 9. Bc4 Bd7 10. 0-0-0 Qc7 11. Bb3 Ne5 12. h4 Nc4 13. Bxc4 Qxc4 14. g4 b5 15. a3 a5 16. Qd3 Qxd3 17. Rxd3 b4 18. Nd5 Nxd5 19. exd5 e5 20. dxe6 fxe6 21. Bg5 e5 22. Nb3 bxa3 23. bxa3 Bc6 24. Rxd6 Bxf3 25. Rg1 Rfb8 26. Nd2 Bf8 27. Rd3 e4 28. Rc3 Bg7 29. Rb3 a4 30. Rxb8+ Rxb8 31. Nxf3 exf3 32. Rf1 Bb2+ 33. Kd2 Bxa3 34. Rxf3 Bb2 35. Bf6 Rf8 36. g5 a3 37. Re3 Rxf6 38. gxf6 a2 39. Re8+ Kf7 40. Ra8 a1Q 41. Rxa1 Bxa1 0-1

[Event "Senta Fantastico IM 10"]
[Site "Senta"]
[Date "2023.10.24"]
[Round "3.1"]
[White "Husari, Satea"]
[Black "Mushini, Ajay"]
[Result "0-1"]
[WhiteElo "2335"]
[BlackElo "2301"]
[PlyCount "28"]
[EventDate "2023.10.23"]
[EventType "tourn"]
[EventRounds "9"]
[EventCountry "SRB"]
[SourceTitle "Mega2024 Update 01"]
[Source "Chessbase"]
[SourceDate "2023.11.12"]
[SourceVersion "1"]
[SourceVersionDate "2023.11.12"]
[SourceQuality "1"]
[WhiteTeam "Team C"]
[BlackTeam "Team B"]
[WhiteTeamCountry "SRB"]
[BlackTeamCountry "SRB"]

1. c4 Nf6 2. Nc3 g6 3. Nf3 Bg7 4. e3 0-0 5. Be2 c6 6. 0-0 d5 7. b3 dxc4 8. bxc4 c5 9. d4 Nc6 10. Bb2 cxd4 11. exd4 Bg4 12. Nb5 a6 13. d5 Na5 14. Na3 Rc8 0-1

[Event "Novi Sad TS IM Mix 275th"]
[Site "Novi Sad"]
[Date "2022.06.14"]
[Round "2"]
[White "Djoric, Dusan"]
[Black "Husari, Satea"]
[Result "0-1"]
[WhiteElo "2276"]
[BlackElo "2307"]
[PlyCount "80"]
[EventDate "2022.06.13"]
[EventType "tourn"]
[EventRounds "9"]
[EventCountry "SRB"]
[EventCategory "1"]
[SourceTitle "CBM 208 Extra"]
[Source "ChessBase"]
[SourceDate "2022.07.31"]
[SourceVersion "1"]
[SourceVersionDate "2022.07.31"]
[SourceQuality "1"]

1. e4 e6 2. d4 d5 3. exd5 exd5 4. Bd3 Bd6 5. Nf3 Ne7 6. c4 dxc4 7. Bxc4 0-0 8. 0-0 Bf5 9. Qb3 Nbc6 10. Na3 Bg4 11. h3 Bxf3 12. Qxf3 Nxd4 13. Qd1 c5 14. Nc2 Nef5 15. Nxd4 Nxd4 16. Be3 Be5 17. Bxd4 Bxd4 18. Qf3 Rb8 19. a4 a6 20. a5 Bxb2 21. Ra2 Qf6 22. Qxf6 Bxf6 23. Rb1 Bc3 24. Rb6 Rfd8 25. Ra3 Bb4 26. Rb3 g6 27. g3 Kg7 28. Kf1 Rd1+ 29. Kg2 Rdd8 30. h4 h5 31. f3 Rd2+ 32. Kh3 Rf2 33. Bxa6 Ra8 34. Bxb7 Rxa5 35. g4 Raa2 36. gxh5 Be1 37. hxg6 f5 38. Kg3 Ra4 39. f4 Rfxf4+ 40. Kg2 Rf2+ 0-1

[Event "Novi Sad TS IM Mix 272nd"]
[Site "Novi Sad"]
[Date "2022.06.08"]
[Round "4"]
[White "Husari, Satea"]
[Black "Popchev, Milko"]
[Result "1-0"]
[WhiteElo "2307"]
[BlackElo "2207"]
[PlyCount "59"]
[EventDate "2022.06.06"]
[EventType "tourn"]
[EventRounds "9"]
[EventCountry "SRB"]
[EventCategory "1"]
[SourceTitle "CBM 208 Extra"]
[Source "ChessBase"]
[SourceDate "2022.07.31"]
[SourceVersion "1"]
[SourceVersionDate "2022.07.31"]
[SourceQuality "1"]

1. d4 Nf6 2. c4 e6 3. Nc3 Bb4 4. Bg5 0-0 5. Qc2 d6 6. e3 Nbd7 7. Bd3 h6 8. Bh4 b6 9. Nge2 Bb7 10. 0-0 Bxc3 11. Nxc3 Qe7 12. f4 e5 13. fxe5 dxe5 14. d5 g5 15. Bf2 Nc5 16. Be2 a5 17. Bg3 Rae8 18. a3 Bc8 19. b4 Nb7 20. Rf2 Kg7 21. Qb2 Ng8 22. Raf1 Bd7 23. Bh5 Nd8 24. Ne4 f6 25. c5 Bb5 26. Rd1 axb4 27. axb4 Nf7 28. d6 Qd7 29. dxc7 Qxc7 30. Nd6 1-0

[Event "Novi Sad TS IM Mix 272nd"]
[Site "Novi Sad"]
[Date "2022.06.07"]
[Round "2"]
[White "Husari, Satea"]
[Black "Savitha Shri, B."]
[Result "1/2-1/2"]
[WhiteElo "2307"]
[BlackElo "2230"]
[PlyCount "84"]
[EventDate "2022.06.06"]
[EventType "tourn"]
[EventRounds "9"]
[EventCountry "SRB"]
[EventCategory "1"]
[SourceTitle "CBM 208 Extra"]
[Source "ChessBase"]
[SourceDate "2022.07.31"]
[SourceVersion "1"]
[SourceVersionDate "2022.07.31"]
[SourceQuality "1"]

1. d4 Nf6 2. c4 g6 3. Nc3 Bg7 4. e4 d6 5. Nf3 0-0 6. Be2 e5 7. Be3 Nc6 8. d5 Ne7 9. Nd2 Nd7 10. 0-0 f5 11. f3 f4 12. Bf2 g5 13. b4 Nf6 14. c5 Ne8 15. a4 Rf7 16. Nb5 a6 17. cxd6 cxd6 18. Nc3 Ng6 19. Nc4 h5 20. Nb6 Rb8 21. Rc1 Bh6 22. Nb1 Nf8 23. b5 axb5 24. axb5 Rg7 25. Rc3 g4 26. Nxc8 Rxc8 27. fxg4 Nf6 28. Rh3 Nxe4 29. Rxh5 Nxf2 30. Rxf2 f3 31. Rxh6 fxe2 32. Qxe2 Rc1+ 33. Rf1 Rxf1+ 34. Qxf1 Rf7 35. Qe1 Qb6+ 36. Kh1 Qxb5 37. Nd2 Qxd5 38. h3 Qd3 39. Kh2 Kg7 40. Rh5 Ng6 41. Rg5 Qd4 42. Ne4 d5 1/2-1/2

[Event "HUN-chT2 Szechenyi 1314"]
[Site "Hungary"]
[Date "2014.04.13"]
[Round "10.2"]
[White "Husari, Satea"]
[Black "Porpaczy, Lajos"]
[Result "1-0"]
[WhiteElo "2285"]
[BlackElo "2134"]
[PlyCount "47"]
[EventDate "2013.09.08"]
[EventType "team-tourn"]
[EventRounds "11"]
[EventCountry "HUN"]
[SourceTitle "EXT 2016"]
[Source "ChessBase"]
[SourceDate "2015.10.08"]
[SourceVersion "1"]
[SourceVersionDate "2015.10.08"]
[SourceQuality "1"]
[WhiteTeam "Ajka Banyasz"]
[BlackTeam "Sarvar"]
[WhiteTeamCountry "HUN"]
[BlackTeamCountry "HUN"]

1. d4 d5 2. c4 dxc4 3. e4 c6 4. Bxc4 Nf6 5. Nc3 e6 6. Nf3 Bb4 7. Qe2 h6 8. 0-0 0-0 9. Bd3 Bxc3 10. bxc3 Qa5 11. e5 Nh7 12. a4 Nd7 13. Ba3 Re8 14. Qc2 Nhf8 15. Nd2 c5 16. Nc4 Qc7 17. Nd6 Rd8 18. Qe2 f5 19. Qh5 g6 20. Qxh6 b6 21. Be2 Nb8 22. Bf3 Nc6 23. Nb5 Qb7 24. dxc5 1-0

[Event "SVK-chT1W 1213"]
[Site "Slovakia"]
[Date "2013.03.23"]
[Round "10.2"]
[White "Vojtek, Vladimir"]
[Black "Husari, Satea"]
[Result "1/2-1/2"]
[WhiteElo "2283"]
[BlackElo "2290"]
[PlyCount "170"]
[EventDate "2012.10.20"]
[EventType "team-tourn"]
[EventRounds "11"]
[EventCountry "SVK"]
[SourceTitle "EXT 2015"]
[Source "ChessBase"]
[SourceDate "2014.11.20"]
[SourceVersion "1"]
[SourceVersionDate "2014.11.20"]
[SourceQuality "1"]
[WhiteTeam "Povazska Bystrica"]
[BlackTeam "Levice"]
[WhiteTeamCountry "SVK"]
[BlackTeamCountry "SVK"]

1. e4 c5 2. Nf3 d6 3. d4 cxd4 4. Nxd4 Nf6 5. Nc3 g6 6. Bc4 Bg7 7. 0-0 0-0 8. Bb3 Nc6 9. Bg5 h6 10. Bh4 Nxd4 11. Qxd4 g5 12. Bg3 Nh5 13. Qe3 Be6 14. Rad1 Qb6 15. Qf3 Nxg3 16. hxg3 Bxb3 17. axb3 e6 18. Rd3 Rac8 19. Rfd1 Rc6 20. Qh5 Qc5 21. R1d2 b5 22. Ne2 Qe5 23. Nd4 Rb6 24. Qe2 Rd8 25. c3 a6 26. b4 Qf6 27. Qe3 Rdb8 28. g4 Qf4 29. Qxf4 gxf4 30. Ne2 Bf8 31. Nxf4 Ra8 32. Rg3 Be7 33. Nh3 Bh4 34. Rgd3 Be7 35. f4 a5 36. bxa5 Rxa5 37. Kf2 b4 38. Kf3 bxc3 39. bxc3 Rc5 40. Ng1 Rb3 41. Ne2 Kg7 42. Ra2 Rc6 43. Ra7 Bf6 44. Rd7 Rbb6 45. Ke3 Ra6 46. Kf3 Kf8 47. f5 Be5 48. Nd4 Bxd4 49. cxd4 exf5 50. gxf5 Ke8 51. Rb7 Rab6 52. Rxb6 Rxb6 53. Kf4 Rb4 54. e5 Ke7 55. Ke4 dxe5 56. Kxe5 f6+ 57. Kd5 Rb5+ 58. Ke4 Rb1 59. Re3 h5 60. Ra3 Kd6 61. Ra6+ Ke7 62. Re6+ Kf7 63. Rc6 Kg7 64. d5 Re1+ 65. Kd4 h4 66. d6 Re2 67. Rc7+ Kh6 68. Rc3 Rd2+ 69. Rd3 Rxg2 70. Kd5 Rg8 71. d7 Kg5 72. Ke6 Rd8 73. Rc3 Rxd7 74. Kxd7 Kxf5 75. Kd6 Kg4 76. Ke6 h3 77. Kxf6 h2 78. Rc1 Kf4 79. Kg6 Kg4 80. Rb1 Kf3 81. Kg5 Kg3 82. Rb3+ Kg2 83. Rb2+ Kg1 84. Kg4 h1Q 85. Rb1+ Kg2 1/2-1/2

[Event "SVK-chT1W 1213"]
[Site "Slovakia"]
[Date "2012.12.09"]
[Round "4.2"]
[White "Husari, Satea"]
[Black "Klemanic, Emil"]
[Result "1-0"]
[WhiteElo "2290"]
[BlackElo "2209"]
[PlyCount "57"]
[EventDate "2012.10.20"]
[EventType "team-tourn"]
[EventRounds "11"]
[EventCountry "SVK"]
[SourceTitle "EXT 2014"]
[Source "ChessBase"]
[SourceDate "2013.11.20"]
[SourceVersion "1"]
[SourceVersionDate "2013.11.20"]
[SourceQuality "1"]
[WhiteTeam "Levice"]
[BlackTeam "Pezinok"]
[WhiteTeamCountry "SVK"]
[BlackTeamCountry "SVK"]

1. d4 g6 2. c4 Bg7 3. Nf3 d6 4. e4 Nf6 5. Nc3 0-0 6. Be2 Bg4 7. Be3 Nfd7 8. Rc1 c5 9. d5 Na6 10. 0-0 Nc7 11. Qd2 a6 12. a4 b6 13. Bh6 Rb8 14. Bxg7 Kxg7 15. Qf4 Bxf3 16. Qxf3 e5 17. dxe6 Nxe6 18. Qg3 Nf6 19. f4 Nd4 20. Bd3 Re8 21. Rce1 h5 22. e5 dxe5 23. fxe5 Ng4 24. h3 Nh6 25. Rf6 Re6 26. Nd5 h4 27. Qg5 Rxf6 28. exf6+ Kh7 29. Bxg6+ 1-0

[Event "SVK-chT2B 1112"]
[Site "Slovakia"]
[Date "2011.11.06"]
[Round "4.2"]
[White "Dobrotka, Martin"]
[Black "Husari, Satea"]
[Result "1-0"]
[WhiteElo "2259"]
[BlackElo "2278"]
[PlyCount "113"]
[EventDate "2011.10.08"]
[EventType "team-tourn"]
[EventRounds "11"]
[EventCountry "SVK"]
[SourceTitle "EXT 2013"]
[Source "ChessBase"]
[SourceDate "2012.11.22"]
[SourceVersion "1"]
[SourceVersionDate "2012.11.22"]
[SourceQuality "1"]
[WhiteTeam "Topolcianky SK"]
[BlackTeam "Levice"]
[WhiteTeamCountry "SVK"]
[BlackTeamCountry "SVK"]

1. d4 d5 2. c4 e6 3. Nf3 Nf6 4. Nc3 Bb4 5. Bg5 Nbd7 6. e3 c5 7. Qc2 Qa5 8. Bxf6 Nxf6 9. Bd3 cxd4 10. exd4 dxc4 11. Bxc4 b6 12. 0-0 Bxc3 13. Qxc3 Qxc3 14. bxc3 Bb7 15. Ne5 0-0 16. Rfc1 Rac8 17. a4 Rfd8 18. a5 Nd7 19. Nxd7 Rxd7 20. Bb5 Rd5 21. a6 Ba8 22. Be2 Rd7 23. f4 Kf8 24. Kf2 Ke7 25. g3 Rdc7 26. Ra3 Bd5 27. Ke3 h6 28. h4 Kd6 29. Kd2 Bc4 30. Bf3 g5 31. hxg5 hxg5 32. Rb1 gxf4 33. gxf4 Bd5 34. Bxd5 Kxd5 35. Kd3 f5 36. Rb5+ Kd6 37. Re5 Rh8 38. Re3 Rh4 39. Rf3 Rch7 40. Ra2 Rh2 41. Rc2 Rxc2 42. Kxc2 Rh1 43. Kb2 b5 44. Re3 Rh6 45. Re5 Kc6 46. Kb3 Kb6 47. Kb4 Kxa6 48. Rxb5 Rg6 49. Kc5 Rg8 50. Rb3 Rc8+ 51. Kd6 Ka5 52. Kxe6 Ka4 53. Rb7 a5 54. d5 Rxc3 55. d6 Rd3 56. d7 Ka3 57. Rb8 1-0

[Event "Budapest FS07 IM"]
[Site "Budapest"]
[Date "2011.07.08"]
[Round "7.3"]
[White "Kantor, Gergely"]
[Black "Husari, Satea"]
[Result "1-0"]
[WhiteElo "2255"]
[BlackElo "2306"]
[PlyCount "115"]
[EventDate "2011.07.02"]
[EventType "tourn"]
[EventRounds "10"]
[EventCountry "HUN"]
[EventCategory "2"]
[SourceTitle "CBM 143 Extra"]
[Source "ChessBase"]
[SourceDate "2011.08.29"]
[SourceVersion "1"]
[SourceVersionDate "2011.08.29"]
[SourceQuality "1"]

1. d4 Nf6 2. c4 g6 3. Nc3 Bg7 4. e4 0-0 5. Nf3 d6 6. h3 e5 7. d5 Nh5 8. g3 a5 9. Nh2 Na6 10. Be2 Nf6 11. Ng4 Nc5 12. Nxf6+ Qxf6 13. h4 Qe7 14. g4 f5 15. gxf5 gxf5 16. Bg5 Qd7 17. exf5 Qxf5 18. Be3 Ne4 19. Nxe4 Qxe4 20. Rg1 Qxh4 21. Qd2 Bf5 22. 0-0-0 Rf7 23. Rh1 Qe7 24. Bh5 Bg6 25. Bxg6 hxg6 26. Rdg1 Qf6 27. Rg5 Bh8 28. Rhg1 Rg7 29. f4 Rf8 30. Qd3 b6 31. fxe5 dxe5 32. Rxg6 Qf3 33. Kb1 Rf5 34. Rxg7+ Bxg7 35. a3 Kf7 36. d6 cxd6 37. Qxd6 Bf6 38. Qd7+ Be7 39. Bh6 Kf6 40. Bg7+ Kf7 41. Bf8 Kxf8 42. Qc8+ Bd8 43. Qxd8+ Kf7 44. Qd7+ Kf8 45. Rd1 Rf6 46. Qd8+ Kf7 47. Qc7+ Kg8 48. Rd8+ Rf8 49. Rd7 Qf5+ 50. Ka2 Rf7 51. Qd8+ Kg7 52. Rd1 Qg4 53. Qd5 Kg6 54. Rd2 e4 55. Rd4 Re7 56. Qg8+ Rg7 57. Rd6+ Kf5 58. Qf8+ 1-0

[Event "Cappelle op 27th"]
[Site "Cappelle la Grande"]
[Date "2011.02.26"]
[Round "1"]
[White "Apicella, Manuel"]
[Black "Husari, Satea"]
[Result "1-0"]
[WhiteElo "2531"]
[BlackElo "2306"]
[PlyCount "91"]
[EventDate "2011.02.26"]
[EventType "swiss"]
[EventRounds "9"]
[EventCountry "FRA"]
[SourceTitle "CBM 141 Extra"]
[Source "ChessBase"]
[SourceDate "2011.05.03"]
[SourceVersion "1"]
[SourceVersionDate "2011.05.03"]
[SourceQuality "1"]

1. e4 d5 2. exd5 Qxd5 3. Nc3 Qd6 4. Nf3 Nf6 5. g3 Bg4 6. Bg2 Nc6 7. h3 Bh5 8. 0-0 0-0-0 9. d3 h6 10. Be3 e5 11. Qd2 Qd7 12. g4 Bg6 13. Nh4 Bh7 14. Nb5 Be4 15. Nxa7+ Nxa7 16. Qa5 Bxg2 17. Qxa7 Qc6 18. Nxg2 h5 19. g5 Nd5 20. d4 exd4 21. Bxd4 f6 22. c4 Nb6 23. Bxb6 Qxb6 24. Qxb6 cxb6 25. gxf6 gxf6 26. Rfd1 Bd6 27. b3 Be5 28. Rab1 f5 29. Ne3 f4 30. Nd5 Rh6 31. Kg2 f3+ 32. Kxf3 Rf8+ 33. Ke2 Re6 34. Kf1 Rf3 35. Kg2 Rf7 36. Re1 Rg6+ 37. Kf1 Bh2 38. Re7 Rg1+ 39. Ke2 Rxf2+ 40. Kxf2 Rxb1 41. Nxb6+ Kd8 42. Rxb7 Rb2+ 43. Kf3 Rxa2 44. Rd7+ Ke8 45. Rd3 Bb8 46. Nd7 1-0

[Event "Budapest FS06 GM"]
[Site "Budapest"]
[Date "2010.06.07"]
[Round "3"]
[White "Husari, Satea"]
[Black "Vajda, Levente"]
[Result "1/2-1/2"]
[WhiteElo "2334"]
[BlackElo "2519"]
[PlyCount "59"]
[EventDate "2010.06.05"]
[EventType "tourn"]
[EventRounds "9"]
[EventCountry "HUN"]
[EventCategory "7"]
[SourceTitle "CBM 136 Extra"]
[Source "ChessBase"]
[SourceDate "2010.07.02"]
[SourceVersion "2"]
[SourceVersionDate "2010.07.15"]
[SourceQuality "1"]

1. e4 e5 2. Nf3 Nc6 3. Nc3 Nf6 4. Bb5 Nd4 5. Nxd4 exd4 6. e5 dxc3 7. exf6 Qxf6 8. dxc3 c6 9. Bd3 d5 10. 0-0 Be6 11. Be3 Bd6 12. Qh5 h6 13. f4 g6 14. Qf3 Qe7 15. Rae1 Rg8 16. Bd4 0-0-0 17. Bxa7 c5 18. Bb6 g5 19. Bxd8 Qxd8 20. fxg5 Rxg5 21. Rxe6 fxe6 22. Qf7 Re5 23. Qf6 c4 24. Qxd8+ Kxd8 25. Bh7 Bc5+ 26. Kh1 Re2 27. a4 b6 28. b4 cxb3 29. cxb3 Bf2 30. Rc1 1/2-1/2

[Event "Budapest FS06 GM"]
[Site "Budapest"]
[Date "2010.06.06"]
[Round "2"]
[White "Kislik, Erik Andrew"]
[Black "Husari, Satea"]
[Result "0-1"]
[WhiteElo "2353"]
[BlackElo "2334"]
[PlyCount "88"]
[EventDate "2010.06.05"]
[EventType "tourn"]
[EventRounds "9"]
[EventCountry "HUN"]
[EventCategory "7"]
[SourceTitle "CBM 136 Extra"]
[Source "ChessBase"]
[SourceDate "2010.07.02"]
[SourceVersion "2"]
[SourceVersionDate "2010.07.15"]
[SourceQuality "1"]

1. e4 c5 2. Nf3 d6 3. d4 cxd4 4. Nxd4 Nf6 5. Nc3 g6 6. Be3 Bg7 7. f3 0-0 8. Qd2 Nc6 9. 0-0-0 d5 10. exd5 Nxd5 11. Nxc6 bxc6 12. Nxd5 cxd5 13. Qxd5 Qc7 14. Qxa8 Bf5 15. Qxf8+ Kxf8 16. Rd2 h5 17. Be2 Bf6 18. g3 Qb7 19. c4 Qa6 20. a3 Qa4 21. g4 hxg4 22. fxg4 Bxg4 23. Bxg4 Qxc4+ 24. Rc2 Qxg4 25. Bxa7 Qd7 26. Bc5 Bxb2+ 27. Rxb2 Qc6 28. Rf1 Qxc5+ 29. Kd1 Qxa3 30. Rff2 f6 31. Ra2 Qb3+ 32. Rfc2 Kf7 33. Ke1 Qf3 34. Re2 g5 35. Rac2 Kg6 36. Rf2 Qe3+ 37. Kf1 f5 38. Rce2 Qd3 39. Kg1 Kf6 40. Re1 e5 41. Rc1 f4 42. Rc6+ Kf5 43. Rc8 Qd1+ 44. Rf1 Qg4+ 0-1

[Event "Budapest FS07 IM-B"]
[Site "Budapest"]
[Date "2009.07.09"]
[Round "6"]
[White "Husari, Satea"]
[Black "Adams, Nick A"]
[Result "1/2-1/2"]
[WhiteElo "2334"]
[BlackElo "2211"]
[PlyCount "133"]
[EventDate "2009.07.04"]
[EventType "tourn"]
[EventRounds "11"]
[EventCountry "HUN"]
[EventCategory "1"]
[SourceTitle "CBM 131 Extra"]
[Source "ChessBase"]
[SourceDate "2009.09.03"]
[SourceVersion "2"]
[SourceVersionDate "2009.09.16"]
[SourceQuality "1"]

1. d4 d5 2. c4 e6 3. Nc3 c5 4. cxd5 exd5 5. Nf3 Nc6 6. dxc5 d4 7. Na4 Bxc5 8. Nxc5 Qa5+ 9. Qd2 Qxc5 10. e3 dxe3 11. Qxe3+ Qxe3+ 12. Bxe3 Be6 13. Nd4 Nxd4 14. Bxd4 f6 15. Bb5+ Kf7 16. 0-0 Ne7 17. b3 Rhd8 18. Rfd1 a6 19. Be2 Rac8 20. Bb2 Rxd1+ 21. Bxd1 Nd5 22. Kf1 b5 23. Rc1 Rxc1 24. Bxc1 Nc3 25. Bc2 Nxa2 26. Bd2 b4 27. Ke2 Ke7 28. Ke3 Kd6 29. Kd4 Nc3 30. Bxc3 bxc3 31. Kxc3 Bd5 32. g3 h6 33. Kb4 Kc6 34. Ka5 Kb7 35. h4 g5 36. b4 Bc4 37. Be4+ Kc7 38. f4 Bf1 39. hxg5 hxg5 40. Bf5 Be2 41. Be4 gxf4 42. gxf4 Bf1 43. Ka4 Be2 44. Kb3 Kd6 45. Kc3 Bf1 46. Kd4 Be2 47. Bd5 Bf1 48. Bb3 Be2 49. Bf7 Bf1 50. Bh5 Bb5 51. Bg4 Bf1 52. Bf3 Bb5 53. Bg2 Be2 54. Bh1 Bf1 55. Ba8 Be2 56. Bb7 Bf1 57. Bc8 Be2 58. Bf5 Bf1 59. Bh7 Be2 60. Bg8 Bf1 61. Bc4 Bxc4 62. Kxc4 Kc6 63. f5 Kd6 64. Kd4 Kc6 65. Kc4 Kd6 66. Kd4 Kc6 67. Kc4 1/2-1/2

[Event "Budapest FS07 IM-B"]
[Site "Budapest"]
[Date "2009.07.08"]
[Round "5"]
[White "Mihok, Oliver"]
[Black "Husari, Satea"]
[Result "1-0"]
[WhiteElo "2357"]
[BlackElo "2334"]
[PlyCount "109"]
[EventDate "2009.07.04"]
[EventType "tourn"]
[EventRounds "11"]
[EventCountry "HUN"]
[EventCategory "1"]
[SourceTitle "CBM 131 Extra"]
[Source "ChessBase"]
[SourceDate "2009.09.03"]
[SourceVersion "2"]
[SourceVersionDate "2009.09.16"]
[SourceQuality "1"]

1. e4 c6 2. d4 d5 3. e5 Bf5 4. h4 h6 5. g4 Bd7 6. h5 c5 7. c3 Nc6 8. Be3 e6 9. f4 cxd4 10. cxd4 Bb4+ 11. Kf2 Nge7 12. a3 Ba5 13. b4 Bc7 14. Nf3 Nc8 15. Bd3 b5 16. Nc3 a6 17. g5 Nb6 18. gxh6 gxh6 19. Rg1 Qe7 20. Rg7 0-0-0 21. Qg1 Kb8 22. Qg3 Rc8 23. Rg1 Qf8 24. Nd2 Bd8 25. Ncb1 Nc4 26. Nb3 Bb6 27. Nc5 Bxc5 28. bxc5 Ka8 29. Nc3 Ne7 30. Qh4 Be8 31. R7g2 Nxa3 32. Ra1 b4 33. Bxa6 Rc7 34. Bd3 Ra7 35. Kf3 Nf5 36. Bxf5 Bc6 37. Bd3 Rg8 38. Rxg8 Qxg8 39. Nb1 Qe8 40. Nxa3 bxa3 41. Qh1 a2 42. Qh2 Ba4 43. Bc2 Bb5 44. Bb3 Bd3 45. Rxa2 Be4+ 46. Kg3 Qg8+ 47. Kf2 Qb8 48. Rxa7+ Kxa7 49. Bd1 Bd3 50. Ke1 Bc4 51. Qd2 Qg8 52. Be2 Qg3+ 53. Bf2 Qb3 54. Qa5+ Kb7 55. Qb6+ 1-0